| 000 | 00359 a2200109 4500 | ||
|---|---|---|---|
| 001 | ART_40023 | ||
| 005 | 20260410161841.0 | ||
| 008 | 260409a | ||
| 245 | 1 | 0 | _aUna desacertada interpretación de las competencias de la Sindicatura General de la Nación |
| 100 | 1 | _aBielsa, Rafael | |
| 773 | 0 |
_tRAP _g- Año 24, Nº 280 (ene. 2002) _wREV5941 |
|
| 999 |
_c24143 _d24143 |
||